[Event "Superbet Chess Classic 2022"]
[Site "Bucharest"]
[Date "2022.05.12"]
[Round "7"]
[White "Firouzja, Alireza"]
[Black "Dominguez Perez, Leinier"]
[Result "1-0"]
[WhiteElo "2804"]
[BlackElo "2753"]
[EventDate "2022.??.??"]
[Annotator "Bojkov,Dejan"]
[PlyCount "115"]
[Beauty "6529558297666"]
[EventType "team-tourn"]
[EventCountry "ROU"]

1.d4 Nf6 2.c4 e6 3.Nc3 Bb4 4.e3 O-O 5.Bd3 d5 6.cxd5 exd5 7.a3 {A trendy line of late.} ( {Instead} 7.Ne2 Re8 8.Bd2 Bf8 9.O-O Nbd7 10.Rc1 c5 11.Nf4 c4 12.Bb1 Nb6 13.h3 Bd7 14.g4 {was tried in Navara,D (2693)-Maghsoodloo, P (2699) Chess.com 2022} ) 7...Bd6 8.Qc2 {Both players are entering one of the most complex structures, a Carlsbad with a white dark-squared bishop behind the pawn chain. So far they are following the game So-Mamedyarov that was played a few days ago.} 8...c6 {But Dominguez deviates first and jumps into another game of So.} ( 8...a6 9.Nge2 Re8 10.O-O b6 11.b4 Nbd7 $146 12.Nf4 Bxf4 $146 {This is a novelty, but likely, an over-the-board one. In these positions this capture usually works well for White.} 13.exf4 {\"I was very surprised when he took. I think White was better here.\" (So)} 13...c5 {The point. Otherwise Black will be smothered.} 14.dxc5 bxc5 15.Rd1 $1 {White needs to tame the enemy hanging pawns, and White was later victorious in So,W (2766) -Mamedyarov,S (2770) Bucharest 2022} ( 15.bxc5 Nxc5 {only helps Black.} ) ) 9.Nge2 Re8 10.Bd2 b6 ( {So's previous game went} 10...Nbd7 11.f3 c5 12.h4 h5 13.O-O-O a6 14.g4 hxg4 15.fxg4 Nxg4 16.h5 {So,W (2778)-Sevian,S (2693) St. Louis 2022 it was sharp and messy, and eventually Black prevailed.} ) 11.f3 $146 {This is a novelty.} ( {The earlier game went} 11.O-O Ba6 12.Kh1 c5 13.Rad1 g6 14.Qb1 Bb7 15.Nf4 {and White eventually prevailed in Aronian,L (2772)-Vidit,S (2727) Berlin 2022} ) 11...c5 12.g4 c4 13.Bf5 Bxf5 14.Qxf5 g6 15.Qg5 Nc6 ( {Black may also start with} 15...Bf8 $5 ) 16.O-O ( {The far advanced black queenside pawns make the long castling unattractive for White:} 16.O-O-O Bf8 17.h4 b5 $1 18.Nxb5 Rb8 19.Nbc3 Qb6 {and Black is way faster.} ) 16...Bf8 17.Qh4 h6 18.Rad1 {\"Until here I knew the moves and then I know some plans, but it is very sharp, either player can win.\" (Firouzja)} 18...b5 $1 {\"A great move to not waste time and start attacking.\" (Firouzja)} 19.Qf2 ( {White is certainly not tempted by} 19.Nxb5 Rb8 20.Nbc3 Rxb2 ) ( {Whereas after} 19.e4 dxe4 20.Bxh6 Nh7 $1 {Black would be able to swap the queens off with} 21.Qh3 Bxh6 22.Qxh6 exf3 23.Rxf3 Qg5 {\"and there is nothing here.\" (Firouzja)} ) 19...Qd7 20.Qg2 Bg7 21.h4 Ne7 $1 {\"Here he is better I think.\" (Firouzja) Indeed, so far Dominguez maneuvered well and his queenside attack looks better prepared.} 22.Nf4 ( {Nothing yields} 22.g5 hxg5 23.hxg5 Nh5 24.e4 a5 ) ( 22.Ng3 $5 ) 22...a5 23.Nce2 Qb7 {But this does not look like the best idea.} ( {Firouzja believed that the queen should have been kept in the center with} 23...Reb8 $5 {and indeed, White's attack would not be as strong here after} 24.g5 hxg5 25.hxg5 Nh7 26.Kf2 b4 27.Rh1 Qa4 28.Qh3 ( {Unlike the game} 28.Rh3 $2 {is not possible as the other rook hangs:} 28...Qxd1 ) 28...Nf8 {both black minor pieces successfully repel the attack of the two major white ones.} ) 24.g5 hxg5 25.hxg5 Nd7 26.Kf2 $1 {White needs to attack as soon as he can.} 26...b4 27.Rh1 Nf5 {A blunder $1} ( {Better was to defend with} 27...Nf8 {True, here White can triple his major pieces with} 28.Rh3 bxa3 29.bxa3 Qb2 30.Bc3 Qxa3 31.Rdh1 ( 31.e4 $5 ) 31...Qd6 32.Qh2 {and the defensive set-up of the black pieces would not hold, but he can still survive with} 32...f5 ) 28.Qh3 Ne7 {After spending a third of his time, Dominguez admits his mistake and parts with two important tempi $1} ( {However, the alternative was horrible:} 28...Nf8 29.Nh5 $1 Ne6 30.Nxg7 Kxg7 31.Ng3 $1 {and White crashes through.} ) 29.Ng3 Ra6 {In order to cover the sixth rank.} ( {After the obvious} 29...Nf8 {Dominguez likely feared} 30.Nfh5 gxh5 31.Nxh5 {but Black actually has a defense here with} 31...Qd7 $1 {when the forcing line} 32.Nxg7 Qxh3 33.Nxe8 $3 {may lead to a fancy perpetual with} 33...Qf5 ( {Or} 33...Qc8 34.Nf6+ Kg7 35.Nh5+ {And Black too, cannot avoid the repetition as the greedy} 35...Kg6 {loses to} 36.Nf4+ Kxg5 37.e4 $3 ) 34.Nf6+ Kg7 35.Nh5+ {with perpetual as} 35...Kg6 36.Nf4+ Kxg5 $2 {loses to} 37.e4 $3 ) 30.axb4 axb4 31.Bxb4 Qxb4 32.Qxd7 {All of this forcing and Black finds the best defense} 32...Raa8 $1 ( {This is better than} 32...Qxb2+ 33.Nfe2 ) 33.Nfe2 ( {White cannot defend the pawn anyway:} 33.Rb1 $2 Qd2+ 34.Nfe2 Nf5 $1 35.Nxf5 gxf5 {even loses for the first player.} ) 33...Rad8 34.Qg4 Qxb2 35.Qf4 Nc6 {The last blunder, in severe time-trouble. \"Here it is very difficult to spot this...\"} ( {Instead} 35...Ra8 {would have been still not clear at all.} ) ( {Whereas the endgame after} 35...Qb8 36.Rb1 Qxf4 37.Nxf4 {\"I am still slightly pushing for a win, it is very unpleasant for Black.\" (Firouzja)} ) 36.Rh7 $3 {(Firouzja) A powerful blow $1 And even though Dominguez found the best defense, with just one second on the clock ( $1) he could not survive it.} 36...Re6 $1 ( 36...Kxh7 37.Qxf7 {is mate of course.} ) 37.Qh4 $1 {Very, very precise.} ( {The more obvious} 37.Rdh1 Nxd4 $1 38.Rxg7+ Kxg7 39.Qxd4+ Qxd4 40.Nxd4 {would have led to an inferior position to the one in the game.} ) 37...Nxd4 {The only way to stop the mate.} ( {Which would have happened after} 37...Rde8 38.Rxg7+ Kxg7 39.Qh6+ Kg8 40.Rh1 ) 38.Rxg7+ Kxg7 39.Qxd4+ Qxd4 40.Rxd4 {\"This endgame is winning I think, technically.\" (Firouzja)} 40...Red6 41.Nc3 f6 42.gxf6+ Kxf6 43.Nge2 {First the knights occupy the best outposts.} 43...Ke5 {Finally the rook moves to the optimal file.} 44.Rg4 ( {Not yet} 44.Nf4 g5 45.Nfxd5 Rxd5 46.Nxd5 Rxd5 47.Rxc4 {with a draw.} ) 44...Rg8 45.Nd4 Rd7 46.Rg5+ Kf6 47.f4 Rgd8 48.Re5 ( 48.Nc6 $5 {would have won too.} ) 48...Kf7 49.Rg5 Rh8 50.Nf3 Kg7 51.Rg1 Rb7 52.Ra1 Rd8 53.Nd4 Rdd7 54.Ra5 {Black cannot hold all the weaknesses.} 54...g5 55.f5 Rb2+ 56.Kf3 Rd2 57.Nxd5 c3 58.Ne6+ {PLAY CHESS, NOT WAR.} 1-0

[Event "Superbet Chess Classic 2022"]
[Site "Chess.com"]
[Date "2022.05.08"]
[Round "4"]
[White "Vachier Lagrave, Maxime"]
[Black "Caruana, Fabiano"]
[Result "1-0"]
[WhiteElo "2750"]
[BlackElo "2786"]
[EventDate "2022.??.??"]
[Annotator "Bojkov,Dejan"]
[PlyCount "77"]
[Beauty "7770669580868"]
[EventType "schev"]
[EventRounds "3"]
[EventCountry "ROU"]

1.e4 e5 2.Nf3 Nc6 3.Bb5 a6 4.Ba4 Nf6 5.O-O Nxe4 {Caruana prepared thoroughly and managed to surprise his opponent with a rare line in the Open Ruy Lopez.} 6.d4 b5 7.Bb3 d5 8.dxe5 Be6 9.c3 Bc5 10.Nbd2 O-O 11.Bc2 Nxf2 {A typical sacrifice in these lines that has been tried by the great Botvinnik against the great Smyslov.} 12.Rxf2 Bxf2+ ( {Black can also try to exploit the file at once with:} 12...f6 13.Qe2 fxe5 14.Nb3 Bxf2+ 15.Qxf2 e4 16.Qe1 Bg4 17.Bg5 Qd6 18.Nfd4 Ne5 19.Qg3 Rae8 20.Be3 {as in the fresh, hot game Van Foreest,J (2714)-Le,Q (2709) Oslo 2022} ) 13.Kxf2 f6 {Black cannot go without this anyway.} 14.Nf1 $1 {Apparently, White is more successful recently with this move than with 14.exf6.} 14...fxe5 15.Kg1 Qd7 {A surprise for Vachier-Lagrave. Black defends his bishop in advance.} ( {The Frenchman knew that the main line is} 15...Qd6 {but then after the normal development with} 16.Be3 {Black is reluctant to play} 16...Bg4 {due to the trick} 17.Bxh7+ Kxh7 18.Ng5+ ) 16.Bg5 {A good development move, which aims the d5-pawn.} 16...Rae8 {[Also blitzed by Caruana.]} ( {Not yet} 16...Bg4 17.Bb3 {(Vachier-Lagrave)} ) 17.Qd2 $146 {That is a novelty.} ( {The predecessor quickly ended peacefully after:} 17.Bh4 d4 18.Ng3 Bd5 19.Ne4 Rf4 20.Qe1 Ref8 21.Bg3 Rxf3 22.gxf3 Rxf3 23.Ng5 Rf5 24.Ne4 Rf3 25.Ng5 Rf5 26.Ne4 {½-½ (26) Chen,Q (2479)-Bai,J (2600) Liaocheng 2021} ) 17...d4 {Not only a strong reply in return to the novelty, but an instant reaction by Caruana.} ( 17...Kh8 $5 {(Vachier-Lagrave)} ) 18.Ng3 ( {White also considered} 18.Re1 {to which} 18...h6 19.Bh4 Bf5 {seems like a natural reaction.} ) 18...h6 19.Bh4 dxc3 20.Qxc3 {A risky decision.} ( {White was contemplating the possible endgame after} 20.Qxd7 Bxd7 21.bxc3 g5 22.Nxg5 hxg5 23.Bxg5 {\"I felt it should be holdable. I have two bishops; I have passed pawns.\" (Vachier-Lagrave)} ) 20...Rxf3 {\"This came as a big surprise.\" (Vachier-Lagrave) And most likely was connected with a blunder.} ( {Vachier-Lagrave saw} 20...b4 $1 {and was \"concerned\" as the line} 21.Qc5 ( {The French GM also saw the line} 21.Qe3 Nd4 22.Bg6 Rxf3 23.gxf3 Rf8 24.Be4 Rf4 $1 {where he is in trouble too.} ) 21...Nd4 22.Nxe5 $2 {does not work due to} ( {However, White should be able to hold on with} 22.Nxd4 Qxd4+ 23.Qxd4 exd4 24.Ba4 $1 {\"I did not see Bc2-a4, I must say.\" (Vachier-Lagrave)} ) 22...Qd5 $1 {and Black wins.} ) ( {Black would also be better with} 20...Nd4 $5 21.Nxe5 Qd5 22.Ng6 Nxc2 23.Qxc2 Rf7 {because the black rooks are very comfortable on the open files.} ) 21.gxf3 Nd4 {Black's position looks frightening, but} 22.Bd1 $1 {covers everything. Still, White has to be very accurate.} 22...Rf8 ( {There is no time to trap the bishop.} 22...g5 23.Ne4 $1 ) 23.Ne4 Bc4 24.Kg2 ( {Vachier-Lagrave also considered} 24.Bf2 Be2 25.Bxd4 exd4 {but found it less clear.} ) 24...Rf4 $1 {Preparing a nasty trick.} ( 24...Qh3+ {does not work after} 25.Kxh3 Bf1+ 26.Kg3 Nf5+ 27.Kf2 ) 25.Be1 $1 {\"It came out of necessity.\" (Vachier-Lagrave) All the other more natural retreats would lead White to a beautiful disaster.} ( {For instance} 25.Bg3 Qh3+ $3 26.Kxh3 ( {Nothing changes} 26.Kf2 Qf1+ 27.Ke3 Rxf3+ 28.Bxf3 Qxf3+ 29.Kd2 Qe2+ 30.Kc1 Qxe4 {with decisive attack for Black.} ) 26...Bf1# ) ( {Or} 25.Bf2 Qh3+ $3 26.Kxh3 ( 26.Kh1 Bf1 {is mate as well.} ) 26...Bf1+ 27.Kg3 Nf5# ) 25...Qf5 ( {No time for} 25...Bd5 26.Bg3 ) 26.Nd2 e4 $1 {The last desperate try before White consolidates in full.} ( {Or} 26...Bd5 27.Bg3 ) 27.Bg3 $1 {Precision until the end $1} ( {It is never too late to get checkmated after} 27.Nxe4 $4 Rxe4 28.fxe4 Qf1+ 29.Kg3 Qg1+ 30.Kh4 Qg5+ 31.Kh3 Bf1# ) 27...exf3+ 28.Kf2 $1 {One more accurate move puts an end to Caruana's active tries. The king hides behind the pawn, and that provides White time for some important trades.} ( {Certainly not} 28.Nxf3 $4 Qh3+ $3 29.Kxh3 Bf1# ) ( {or} 28.Bxf3 $2 Rxf3 $1 29.Nxf3 $2 Nxf3 30.Qxf3 Bd5 ) 28...Rg4 29.Nxc4 bxc4 30.Bxf3 Nxf3 31.Qxf3 {The attacking potential is gone, and Vachier-Lagrave converts in style.} 31...Qc2+ 32.Qe2 Qf5+ 33.Kg1 h5 34.Rf1 Qg6 35.Kh1 h4 36.Bxc7 h3 37.Qf3 Qd3 38.Be5 Rg2 39.Bc3 {PLAY CHESS, NOT WAR.} 1-0

[Event "Superbet Chess Classic 2022"]
[Site "Chess.com"]
[Date "2022.05.09"]
[Round "5"]
[White "Deac, Bogdan Daniel"]
[Black "Firouzja, Alireza"]
[Result "1/2-1/2"]
[WhiteElo "2671"]
[BlackElo "2804"]
[EventDate "2022.??.??"]
[Annotator "Bojkov,Dejan"]
[PlyCount "135"]
[Beauty "4747012622877"]
[EventType "schev"]
[EventRounds "3"]
[EventCountry "ROU"]

1.d4 Nf6 2.c4 g6 3.Nc3 Bg7 4.e4 d6 {\"He is a very solid player, so the King's Indian was a normal choice I think.\" (Firouzja)} 5.Be2 O-O 6.h4 {\"Very fresh [approach].\" (Firouzja)} 6...Nc6 ( {The mind-boggling game between Oparin and Nakamura was analyzed for the Chess.com readers recently. It went} 6...c5 7.d5 e6 8.h5 exd5 9.exd5 Re8 10.h6 Bh8 11.Bg5 Qb6 12.b3 Ne4 13.Nxe4 Rxe4 14.Kf1 Na6 15.Bd3 Bg4 16.f3 Rd4 17.Qe2 Bd7 18.Re1 Nb4 19.Bxg6 $1 {and White was winning, but somehow Nakamura made a Houdini-like comeback both in the game, and in the tournament to make it into the Candidates, Oparin, G (2674)-Nakamura,H (2750) Berlin 2022} ) 7.d5 Ne5 8.h5 c6 9.h6 Bh8 10.Nf3 Neg4 $146 {A novelty. Black keeps all the pieces and pawns on board, making it as complex as it can be.} ( {An earlier game led to big complications after} 10...Nxf3+ 11.Bxf3 Nd7 12.Be3 c5 13.Be2 Qb6 14.Qd2 Ne5 15.f4 Ng4 16.Bg1 Bd7 17.Rc1 a6 18.Nd1 f5 19.exf5 Bxf5 20.Rh4 Nf6 21.g4 {Aravindh,C (2641)-Adhiban,B (2660) chess24.com INT 2021} ) 11.O-O Qb6 12.Qb3 {A very solid aproach by Deac.} ( 12.Ne1 $5 {transferring the knight to the d3-square also makes sense.} ) 12...Nh5 13.Nh2 Nhf6 14.Nf3 ( {Correctly avoiding} 14.Nxg4 Nxg4 {with f7-f5 to follow.} ) 14...Nd7 $1 {A sign of courage $1 Black knows that he is worse, but shows fighting spirit.} 15.Qc2 Nc5 16.Bf4 a5 ( {If Firouzja wanted to play f7-f5, this seems like a better moment:} 16...f5 17.exf5 Bxf5 18.Qd2 Rae8 {with e7-e6 to follow seems playable for Black.} ) 17.Rae1 f5 {\"I am not very sure about this move. It is very risky, but probably I should play it.\" (Firouzja)} 18.exf5 Rxf5 {Bringing more energy into the battlefield.} ( {Or} 18...Bxf5 19.Qd2 Rae8 20.Bg5 {with an interesting, double-edged position.} ) 19.Bg5 Qd8 20.Qd2 Qf8 21.Bd1 $1 {But Deac skilfully maneuvers. Once that this bishop gets a working diagonal, White can claim an advantage. However, the problem for the Romanian GM was that he was fast approaching time-trouble.} 21...Rf7 22.b3 {Loosening the position of the knight and Firouzja needs no second invitation.} ( {A better choice seems} 22.Ne4 $1 Nxe4 23.Rxe4 Bf5 24.Re2 {with an edge.} ) 22...Nxh6 $1 {A pawn is a pawn.} 23.dxc6 ( {Here it made sense to fight for the light squares with} 23.Be3 $5 Ng4 24.Bxc5 dxc5 25.Ne4 ) 23...bxc6 24.Nd4 {\"A blunder.\" (Firouzja)} ( {Indeed} 24.Na4 $1 {\"is a very good move\" which Firouzja saw. Now} 24...Nxa4 $4 {loses to} ( {Therefore Black needs to try} 24...Ng4 25.Nxc5 {but then} 25...dxc5 26.Bc2 $1 {looks fine for Black as the typical exchange sacrifice} 26...Rxf3 27.gxf3 Ne5 {does not hurt White after} 28.Be4 Bh3 29.f4 Bxf1 30.fxe5 Bh3 31.Qe3 ) 25.Bxh6 ) 24...Nf5 25.Nxc6 ( {Or} 25.Nxf5 Bxf5 26.Bf3 Ra6 {with a solid extra pawn for Black.} ) 25...Bb7 26.Bf3 {This only makes things worse for the knight.} ( {If Deac wanted to escape with it} 26.b4 {was called for, although Black is calling the shots there after} 26...axb4 27.Nxb4 e6 ) 26...Ra6 27.Nxe7+ {The best chance $1} ( {The cure is worse than the disease in the line} 27.g4 $2 Bxc6 28.Bxc6 Rxc6 29.gxf5 gxf5 {when the opened white king should not survive for long.} ) 27...Nxe7 28.Bxb7 Bxc3 29.Qxc3 {\"I was winning, a piece up, but it was never easy as the king was always open.\" (Firouzja)} 29...Nxb7 30.Re2 h6 ( 30...Nf5 $5 ) 31.Bc1 $1 {Occupying the long diagonal. Now Black will always need to appoint someone to protect his king.} 31...Ra8 32.Bb2 Kh7 33.Rfe1 Nc5 34.Qd2 Nf5 ( {With this powerful bishop present, it might have been wise to even offer a pawn for it, just to remove it from the board with} 34...Nc6 $5 35.Re3 Ne5 36.Bxe5 dxe5 37.Rxe5 Rd8 {with good winning chances for Black.} ) 35.Qd5 h5 36.Bc3 Nd7 37.Re6 ( {Not yet risking with} 37.Bxa5 Nf6 38.Qd2 Nd4 $1 39.Qxd4 Rxa5 {and Black makes it to the bishop.} ) 37...Rc8 $1 ( {For a moment Black thought that} 37...a4 {is the way to do it, but then he saw that there will be more trouble for his king after} 38.g4 $3 hxg4 39.Qh1+ Nh6 40.Qe4 {(Firouzja)} ) 38.Bxa5 Nf6 {This natural move throws the win away.} ( {Firouzja could have trapped the white rook with the cunning} 38...Rc5 $3 39.Qd2 Ne5 $1 {when the line} 40.Bc3 Qc8 41.Bxe5 Qxe6 42.Bd4 Qxe1+ 43.Qxe1 Nxd4 {leaves White little to hope for.} ) 39.Qd2 Re8 ( {Perhaps} 39...Ng4 $5 40.Qg5 Qg8 41.Bc3 Rd7 {was worth a try.} ) 40.Bc3 Rxe6 41.Rxe6 Nd7 ( {This was the last chance for} 41...Ng4 $5 42.f3 Ne5 ) 42.Qg5 Qg8 43.g4 $1 {Very strong $1 Deac not only trades more pawns but also exposes the enemy king, thus more or less provokes the queen swap.} 43...hxg4 44.Qxg4 Ne5 45.Qh3+ Nh6 $1 {The only move.} ( {Black also needs to be careful as the line} 45...Kg7 $4 46.Rxd6 $1 Nxd6 47.Bxe5+ Rf6 48.Qd7+ {proves, and White wins.} ) 46.Rxd6 Qe8 47.Qe6 Re7 48.Qd5 {White got enough play and now all he needs to do is get rid of the queens.} 48...Nef7 49.Rf6 Rd7 50.Qe6 Rd1+ 51.Kg2 Qxe6 ( {\"I completely blundered\"} 51...Qa8+ 52.Qc6 {\"I am very happy this endgame is not losing.\" (Firouzja)} ) 52.Rxe6 {Indeed, without the queens, White can hardly get checkmated, and he might even get a chance to promote his passers.} 52...Nf5 53.Re1 Rd3 $1 54.Rc1 Ng5 $1 {But Firouzja found an aggressive set-up that stopped the pawns once and for all.} 55.Kf1 ( {Since} 55.c5 $2 {might lead to a loss after} 55...Ne6 56.c6 Nf4+ 57.Kf1 Rh3 $1 {and well, the king is actually in trouble even in the endgame $1} ) 55...Ne6 56.Be5 Rd2 57.b4 {Forcing matters.} 57...Rxa2 58.c5 Ra4 59.c6 Rxb4 60.c7 Nxc7 61.Rxc7+ Kg8 62.Bg3 Ra4 63.Kg2 Rb4 64.Ra7 Rc4 65.Rb7 Kf8 66.Ra7 Kg8 67.Rb7 Kf8 68.Ra7 {PLAY CHESS, NOT WAR.} 1/2-1/2